000 00314 a2200097 4500
245 0 0 _aLampy mikrofalowe - Ogólne wymagania i badania PN-81/T-06443 /
_cMin. Przem. Maszynowego.
246 1 3 _aPN-81/T-06443
246 1 3 _a621.385.6
260 _aWarszawa :
_bMin. Przem. Maszynowego,
_c1981.
300 _a6 stron ;
_c30 cm.
650 _aPolska norma
999 _c20655
_d20655